=LDR 00000nam 2200000 4500 =001 INLIS000000000006894 =005 20130612094959 =008 ***********************************Ind** =035 ##$$0010-061300000006894 =041 ##$$a Ind =082 ##$$a 819.2 =090 ##$$a 819.2, Dan k =100 ##$$a jDanardana, Agus Sri =245 ##$$a Kepahlawanan Trunajaya, Agus Sri Danardana =260 ##$$a P $b Jakarta =300 ##$$a v, 63 hlm., Ilus., 18 cm =650 ##$$a Kesusastraan Jawa